Celebrate Ramadan & Eid al-fitr / (Record no. 154)

MARC details
000 -LEADER
fixed length control field 01395cam a22003734a 4500
005 - DATE AND TIME OF LATEST TRANSACTION
control field 20260322212008.0
008 - FIXED-LENGTH DATA ELEMENTS--GENERAL INFORMATION
fixed length control field data
010 ## - LIBRARY OF CONGRESS CONTROL NUMBER
LC control number 2006008889
020 ## - INTERNATIONAL STANDARD BOOK NUMBER
International Standard Book Number 0792259262 (hardcover)
020 ## - INTERNATIONAL STANDARD BOOK NUMBER
International Standard Book Number 0792259270 (library binding)
020 ## - INTERNATIONAL STANDARD BOOK NUMBER
International Standard Book Number 9780792259268 (hardcover)
020 ## - INTERNATIONAL STANDARD BOOK NUMBER
International Standard Book Number 9780792259275 (library binding)
040 ## - CATALOGING SOURCE
Original cataloging agency DLC
Transcribing agency DLC
Modifying agency DLC
042 ## - AUTHENTICATION CODE
Authentication code pcc
050 00 - LIBRARY OF CONGRESS CALL NUMBER
Classification number BP186.4
Item number .H45 2006
082 00 - DEWEY DECIMAL CLASSIFICATION NUMBER
Classification number 297.3/62
Edition information 22
092 ## - LOCALLY ASSIGNED DEWEY CALL NUMBER (OCLC)
Classification number 297.3 H45 2006
001 - CONTROL NUMBER
control field data
100 1# - MAIN ENTRY--PERSONAL NAME
Personal name Heiligman, Deborah.
245 10 - TITLE STATEMENT
Title Celebrate Ramadan & Eid al-fitr /
Statement of responsibility, etc. Deborah Heiligman & Neguin Yavari.
246 3# - VARYING FORM OF TITLE
Title proper/short title Celebrate Ramadan and Eid al-fitr
260 ## - PUBLICATION, DISTRIBUTION, ETC.
Place of publication, distribution, etc. Washington, D.C. :
Name of publisher, distributor, etc. National Geographic,
Date of publication, distribution, etc. 2006.
300 ## - PHYSICAL DESCRIPTION
Extent 31 p. :
Other physical details col. ill., col. map ;
Dimensions 27 cm.
490 1# - SERIES STATEMENT
Series statement Holidays around the world
504 ## - BIBLIOGRAPHY, ETC. NOTE
Bibliography, etc. note Includes bibliographical references.
650 #0 - SUBJECT ADDED ENTRY--TOPICAL TERM
Topical term or geographic name entry element Ramadan
Form subdivision Juvenile literature.
650 #0 - SUBJECT ADDED ENTRY--TOPICAL TERM
Topical term or geographic name entry element ʻĪd al-Fiṭr
Form subdivision Juvenile literature.
650 #0 - SUBJECT ADDED ENTRY--TOPICAL TERM
Topical term or geographic name entry element Fasts and feasts
General subdivision Islam
Form subdivision Juvenile literature.
650 #0 - SUBJECT ADDED ENTRY--TOPICAL TERM
Topical term or geographic name entry element Islam
General subdivision Rituals
Form subdivision Juvenile literature.
700 1# - ADDED ENTRY--PERSONAL NAME
Personal name Yavari, Neguin.
830 #0 - SERIES ADDED ENTRY--UNIFORM TITLE
Uniform title Holidays around the world (National Geographic Society (U.S.))
856 42 - ELECTRONIC LOCATION AND ACCESS
Materials specified Contributor biographical information
Uniform Resource Identifier <a href="http://www.loc.gov/catdir/enhancements/fy0643/2006008889-b.html">http://www.loc.gov/catdir/enhancements/fy0643/2006008889-b.html</a>
856 42 - ELECTRONIC LOCATION AND ACCESS
Materials specified Publisher description
Uniform Resource Identifier <a href="http://www.loc.gov/catdir/enhancements/fy0643/2006008889-d.html">http://www.loc.gov/catdir/enhancements/fy0643/2006008889-d.html</a>
Holdings
Withdrawn status Lost status Damaged status Not for loan Home library Current library Shelving location Date acquired Total checkouts Full call number Barcode Date last seen Price effective from Koha item type
        Franklin Franklin General stacks 22/03/2026   297.3/62 22 BC0010158 22/03/2026 22/03/2026 Books